King's cage / (Record no. 9720)

MARC details
000 -LEADER
fixed length control field 01620nam a22002417a 4500
001 - CONTROL NUMBER
control field 9720
003 - CONTROL NUMBER IDENTIFIER
control field FISKH
005 - DATE AND TIME OF LATEST TRANSACTION
control field 20260130114433.0
008 - FIXED-LENGTH DATA ELEMENTS--GENERAL INFORMATION
fixed length control field 260130b cb ||||| |||| 00| 0 eng d
020 ## - INTERNATIONAL STANDARD BOOK NUMBER
International Standard Book Number 9781409150763
040 ## - CATALOGING SOURCE
Original cataloging agency FISKH
Language of cataloging eng
Transcribing agency FISKH
Modifying agency FISKH
050 ## - LIBRARY OF CONGRESS CALL NUMBER
Classification number PZ7 .A9529
082 ## - DEWEY DECIMAL CLASSIFICATION NUMBER
Classification number 813.6
100 ## - MAIN ENTRY--PERSONAL NAME
Personal name Aveyard, Victoria
245 ## - TITLE STATEMENT
Title King's cage /
Statement of responsibility, etc. Victoria Aveyard
260 ## - PUBLICATION, DISTRIBUTION, ETC.
Place of publication, distribution, etc. London :
Name of publisher, distributor, etc. Orion,
Date of publication, distribution, etc. 2017
300 ## - PHYSICAL DESCRIPTION
Extent 512 pages :
Other physical details maps ;
Dimensions 20 cm
490 ## - SERIES STATEMENT
Series statement Red Queen :
Volume/sequential designation Book Three
520 ## - SUMMARY, ETC.
Summary, etc. In this breathless third installment to Victoria Aveyard's #1 New York Times bestselling Red Queen series, rebellion is rising and allegiances will be tested on every side. Perfect for fans of George R.R. Martin's Game of Thrones series. Mare Barrow is a prisoner, powerless without her lightning, tormented by her lethal mistakes. She lives at the mercy of a boy she once loved, a boy made of lies and betrayal. Now a king, Maven Calore continues weaving his dead mother's web in an attempt to maintain control over his country-and his prisoner. As Mare bears the weight of Silent Stone in the palace, her once-ragtag band of new bloods and Reds continue organizing, training, and expanding. They prepare for war, no longer able to linger in the shadows. And Cal, the exiled prince with his own claim on Mare's heart, will stop at nothing to bring her back. When blood turns on blood, and ability on ability, there may be no one left to put out the fire-leaving Norta as Mare knows it to burn all the way down.
650 ## - SUBJECT ADDED ENTRY--TOPICAL TERM
Topical term or geographic name entry element Fantasy
Form subdivision Fiction
General subdivision Rebellion
942 ## - ADDED ENTRY ELEMENTS (KOHA)
Source of classification or shelving scheme Dewey Decimal Classification
Koha item type Books
Suppress in OPAC No
Holdings
Withdrawn status Lost status Source of classification or shelving scheme Damaged status Not for loan Collection Home library Current library Shelving location Date acquired Total Checkouts Full call number Barcode Date last seen Copy number Price effective from Koha item type
    Dewey Decimal Classification     Fiction Footprints International School Library Network Toul Kork Campus Footprints International School Library Network Toul Kork Campus A TK Campus, 4th Floor, Room B401, Fiction Bookcases (1-6) 01/30/2026   AVEY 813.6 PZ7 .A9529 2026-0222 01/30/2026 1 01/30/2026 Books